Manuel d'economie politique

保存先:
書誌詳細
第一著者: Nikitine, P.
フォーマット: 図書
言語:Undetermined
出版事項: Moscou Editions en Langues Etrangeres 1961
主題:
タグ: タグ追加
タグなし, このレコードへの初めてのタグを付けませんか!
Thư viện lưu trữ: Trung tâm Học liệu Trường Đại học Cần Thơ
LEADER 00473nam a2200181Ia 4500
001 CTU_80427
008 210402s9999 xx 000 0 und d
082 |a 330 
082 |b N692 
100 |a Nikitine, P. 
245 0 |a Manuel d'economie politique 
245 0 |c P. Nikitine 
260 |a Moscou 
260 |b Editions en Langues Etrangeres 
260 |c 1961 
650 |a Economics 
904 |i Trọng Hải 
980 |a Trung tâm Học liệu Trường Đại học Cần Thơ